Score 0/36 Timer 05:00
0 Plays Today
Characters % Correct
Ron Weasley
97.3%
Harry Potter
97%
Severus Snape
96.5%
Hermione Granger
95.4%
Draco Malfoy
94.6%
Ginny Weasley
93.5%
Albus Dumbledore
93.2%
Fred Weasley
92.7%
George Weasley
92.7%
Minerva McGonagall
85.4%
Horace Slughorn
83.2%
Lavender Brown
81.4%
Rubeus Hagrid
80.8%
Luna Lovegood
80.5%
Dean Thomas
79.7%
Gregory Goyle
77%
Vincent Crabbe
76.8%
Parvati Patil
74.3%
Characters % Correct
Cormac McLaggen
73%
Katie Bell
70.8%
Argus Filch
70%
Bellatrix Lestrange
64.1%
Sybill Trelawney
61.6%
Romilda Vane
60%
Peeves
56.5%
Cornelius Fudge
54.1%
Rufus Scrimgeour
53%
Zacharias Smith
53%
The Fat Lady
51.1%
Firenze
44.9%
Irma Pince
41.6%
Grawp
39.5%
Viktor Krum
39.2%
Sanguini
37.3%
Eldred Worple
24.1%
Libatius Borage
19.2%
Remove Ads.
Support Sporcle.
Get the best of Sporcle when you Go Orange. This ad-free experience offers more features, more stats, and more fun while also helping to support Sporcle. Thank you for becoming a member.

You're not logged in!

Compare scores with friends on all Sporcle quizzes.
OR
Log In

Show Comments

Extras

Top Quizzes Today


Score Distribution

Your Account Isn't Verified!

In order to create a playlist on Sporcle, you need to verify the email address you used during registration. Go to your Sporcle Settings to finish the process.

Report this User

Report this user for behavior that violates our Community Guidelines.

Details: